Movies Quiz

Random Movies Quiz
Score 0/5 Timer 01:00
0 Plays Today
Question Answer % Correct
What is Esquelito's name?Steven
93.7%
What is the country that Encarnancion's convent is in?Guadalupe
37.4%
What duties does Ignacio have?Cooking duty and dead guy duty
22%
What was the only black wrestler in the movie's wrestling name?Snowflake
21%
What does Ignacio say about the Eagle egg after his date with Encarnancion?it gave me no nutrients
9.1%
Remove Ads.
Support Sporcle.
Get the best of Sporcle when you Go Orange. This ad-free experience offers more features, more stats, and more fun while also helping to support Sporcle. Thank you for becoming a member.

You're not logged in!

Compare scores with friends on all Sporcle quizzes.
OR
Log In

Show Comments

Extras

Created Nov 10, 2010ReportNominate
Tags:libre, nacho, ultimate

Top Quizzes Today


Score Distribution

Your Account Isn't Verified!

In order to create a playlist on Sporcle, you need to verify the email address you used during registration. Go to your Sporcle Settings to finish the process.

Report this User

Report this user for behavior that violates our Community Guidelines.

Details: